000 00657nam a2200265Ia 4500
005 20260306163521.0
008 008 260114s9999 xx 000 0 eng d
020 _a9781469670393
037 _aEBOOK
040 _aCRL
040 _beng
040 _cCRL
041 _2eng
041 _aeng
084 _qCRL
100 _aWigginton
_91128788
245 0 _aIndigenuity: Native Craftwork And The Art Of American Literatures
260 _bUniversity of North Carolina Press
260 _c2024
650 _aSocial Work
856 _uhttps://academic.oup.com/book/56802
942 _cEBOOK
999 _c1710419
_d1710419